| 000 | 00493nam a2200181 i 4500 | ||
|---|---|---|---|
| 020 | _a0333223780 : | ||
| 020 | _a0333223799 | ||
| 040 | _cDLC | ||
| 082 | 0 | 0 | _a330 MAC 1977 A075 Or. |
| 100 | 1 | _aKoutsoyiannis, A. | |
| 245 | 1 | 0 |
_aTheory of econometrics : _ban introductory exposition of econometric methods / |
| 250 | _a2nd ed. | ||
| 260 |
_aLondon : _bMacmillan, _c1977. |
||
| 300 |
_axvii, 681 p. : _bill. ; _c24 cm. |
||
| 500 | _aIncludes index. | ||
| 650 | 0 | _aEconometrics. | |
| 942 | _cEK | ||
| 999 |
_c15243 _d15243 |
||